Biblioteca ESET

Paradojas sobre música (Registro nro. 549)

Detalles MARC
000 -CABECERA
fixed length control field 00718nam a2200253Ia 4500
003 - CONTROL NUMBER IDENTIFIER
control field AR-BeUNQ
005 - FECHA Y HORA DE LA ULTIMA TRANSACCION
control field 20240430140940.0
008 - ELEMENTOS DE LONGITUD FIJA-INFORMACION GENERAL
fixed length control field 221202s9999 xx 000 0 und d
020 ## - NUMERO INTERNACIONAL NORMALIZADO PARA LIBROS
Número Internacional Normalizado del libro 9789879350331
040 ## - FUENTE DE CATALOGACION
Agencia de catalogación original AR-BeUNQ
Idioma de catalogación ESPAÑOL
Convenciones de la descripción aacr
Agencia que realiza la transcripción AR-BeUNQ
100 ## - ASIENTO PRINCIPAL-NOMBRE PERSONAL
Nombre personal Groussac,Paul
245 #0 - MENCION DE TITULO
Título Paradojas sobre música
250 ## - MENCION DE EDICION
Mención de edición 1a ed.
260 ## - PUBLICACION, DISTRIBUCION, ETC.
Lugar de publicación, distribución, etc. Ciudad Autónoma de Buenos Aires
Nombre del editor, distribuidor, etc. Biblioteca Nacional
Fecha de publicación, distribución, etc 2008
300 ## - DESCRIPCION FISICA
Extensión 256 p. ;
Dimensiones 13 x 19 cm
490 ## - MENCION DE SERIE
Mención de serie Colección Libros de Música
521 ## - NOTA DE AUDIENCIA
Nota de audiencia Adultos
546 ## - NOTA DE IDIOMA
Nota de idioma Español
653 ## - TERMINO DE INDIZACION - NO CONTROLADO
Término de indización no controlado Crítica sobre música
653 ## - TERMINO DE INDIZACION - NO CONTROLADO
Término de indización no controlado Música
700 ## - ASIENTO SECUNDARIO - NOMBRE DE PERSONA
Personal name Groussac, Paul
929 ## - DATOS DE ADQUISICION
Proveedor Biblioteca Nacional
Fecha de recibido 2022
Procedencia DONACION
Número de inventario 59685
Patrimonio UNQ PAT0081531
942 ## - ELEMENTOS DE PUNTO DE ACCESO ADICIONAL (KOHA)
Tipo de ítem Koha Libros
Suppress in OPAC 0
Existencias
Estado de retiro Estado de pérdida Fecha de ingreso Total Checkouts Signatura topográfica completa Inventario Date last seen Tipo de ítem Koha
    02/12/2022   780 GRO 59685 02/12/2022 Libros

ESET UNQ

☏ 4365-7188
 Avenida República de Francia 1714 entre Doctor Kenny y Concordia, Ezpeleta, Bs As.
✉ secretaria_eset@unq.edu.ar

Con tecnología Koha